[Event "4NCL/Div2/SLO2-SWD"]
[Site "Rd-7 Birmingham"]
[Date "2002.03.23"]
[Round "7.1"]
[White "Tarifa, Alket"]
[Black "Cobb, James E"]
[Result "0-1"]
[WhiteElo "2249"]
[BlackElo "2324"]
[PlyCount "44"]
[EventDate "2002.03.23"]

1. e4 e5 2. Nf3 Nc6 3. Bc4 Nf6 4. Ng5 d5 5. exd5 Nd4 6. c3 b5 7. Bf1 Nxd5 8.
Nxf7 Kxf7 9. cxd4 exd4 10. Bxb5 Qe7+ 11. Qe2 Qxe2+ 12. Bxe2 Nf4 13. Bc4+ Be6
14. Bxe6+ Kxe6 15. O-O Nd3 16. b3 Bd6 17. Ba3 c5 18. Bc1 a5 19. Na3 a4 20. Nc2
axb3 21. axb3 Rxa1 22. Nxa1 Ra8 0-1

[Event "4NCL/Div2/SLO2-SWD"]
[Site "Rd-7 Birmingham"]
[Date "2002.03.23"]
[Round "7.2"]
[White "Zeidler, Sven P"]
[Black "Richmond, Robert J"]
[Result "0-1"]
[WhiteElo "2277"]
[BlackElo "2234"]
[PlyCount "128"]
[EventDate "2002.03.23"]

1. e4 e5 2. Nf3 d6 3. d4 Nf6 4. Nc3 Nbd7 5. Bc4 Be7 6. O-O O-O 7. Re1 c6 8. a4
b6 9. Ba2 a6 10. h3 Bb7 11. dxe5 dxe5 12. Nh4 Bb4 13. Qf3 Ne8 14. Nf5 Kh8 15.
Rd1 Qc7 16. Ne2 Ndf6 17. Bg5 Bc8 18. Neg3 Bc5 19. c3 a5 20. Rd2 Ng8 21. Rad1
Be6 22. b3 g6 23. Nh6 f6 24. Be3 Bxe3 25. Qxe3 Nxh6 26. Qxh6 Ng7 27. Rd6 Bd5
28. exd5 Qxd6 29. Ne4 Qd8 30. b4 axb4 31. cxb4 Nf5 32. Qc1 cxd5 33. Rxd5 Qe7
34. Qc6 Nd4 35. Qxb6 Rxa4 36. Nc5 Ra7 37. Rd6 Qc7 38. Qxc7 Rxc7 39. Bc4 Ra7 40.
b5 Ra1+ 41. Kh2 Rc8 42. Ne6 Rb1 43. Bd3 Rb3 44. Bc4 Rb4 45. Bd3 f5 46. b6 Rb8
47. b7 Nxe6 48. Rxe6 R8xb7 49. Rxe5 Rd7 50. Re3 f4 51. Re4 Rxe4 52. Bxe4 Rd2
53. h4 Rxf2 54. Kh3 Kg7 55. Kg4 Kf6 56. h5 gxh5+ 57. Kxh5 Ke5 58. Bb7 Kd4 59.
Kh6 Ke3 60. Kxh7 Rb2 61. Bf3 Rb6 62. Kg7 Kf2 63. Kf7 Kg3 64. Ke7 Rb2 0-1

[Event "4NCL/Div2/SLO2-SWD"]
[Site "Rd-7 Birmingham"]
[Date "2002.03.23"]
[Round "7.3"]
[White "Armstrong, Malcolm J"]
[Black "Dineley, Richard DP"]
[Result "1/2-1/2"]
[WhiteElo "2132"]
[BlackElo "2284"]
[PlyCount "42"]
[EventDate "2002.03.23"]

1. d4 Nf6 2. Nf3 e6 3. e3 b6 4. Bd3 Bb7 5. Nbd2 d5 6. O-O Nbd7 7. b3 Be7 8. Bb2
O-O 9. Qe2 Ne4 10. Ne5 Nxe5 11. Bxe4 Nc6 12. Bf3 Nb8 13. Rfd1 Nd7 14. e4 Re8
15. Rac1 Bg5 16. c4 dxe4 17. Bxe4 Bxe4 18. Qxe4 Qe7 19. Rc2 Bf6 20. Qc6 Qd6 21.
Qf3 Qf8 1/2-1/2

[Event "4NCL/Div2/SLO2-SWD"]
[Site "Rd-7 Birmingham"]
[Date "2002.03.23"]
[Round "7.4"]
[White "James, David J"]
[Black "Crichton, Martin"]
[Result "1/2-1/2"]
[WhiteElo "2247"]
[BlackElo "2041"]
[PlyCount "30"]
[EventDate "2002.03.23"]

1. Nf3 Nf6 2. c4 g6 3. Nc3 Bg7 4. e4 d6 5. d4 O-O 6. Be2 e5 7. d5 Nbd7 8. b4 a5
9. bxa5 Nc5 10. Qc2 Rxa5 11. O-O Nh5 12. Be3 Nf4 13. Rfb1 b6 14. Bf1 f5 15. Nd2
Nxe4 1/2-1/2

[Event "4NCL/Div2/SLO2-SWD"]
[Site "Rd-7 Birmingham"]
[Date "2002.03.23"]
[Round "7.5"]
[White "Jeffries, Majid"]
[Black "Johnston, Dafydd"]
[Result "0-1"]
[WhiteElo "2020"]
[BlackElo "2230"]
[PlyCount "62"]
[EventDate "2002.03.23"]

1. c4 b6 2. Nc3 e6 3. e4 Bb7 4. Nf3 Bb4 5. Qb3 Na6 6. a3 Nc5 7. Qc2 Bxc3 8.
Qxc3 Qf6 9. e5 Qf5 10. d4 Ne4 11. Qc2 Ne7 12. Bd3 Qg4 13. Rg1 f5 14. h3 Qh5 15.
Be2 O-O 16. Ng5 Qg6 17. Nxe4 Bxe4 18. Qc3 f4 19. f3 Qg3+ 20. Kf1 Nf5 21. Bd2
Rf7 22. Be1 Qg5 23. Bd2 Ne3+ 24. Bxe3 fxe3 25. h4 Qf4 26. Rh1 Raf8 27. Kg1 Rf5
28. fxe4 Qf2+ 29. Kh2 Qxh4+ 30. Kg1 Qf2+ 31. Kh2 Rf4 0-1

[Event "4NCL/Div2/SLO2-SWD"]
[Site "Rd-7 Birmingham"]
[Date "2002.03.23"]
[Round "7.6"]
[White "Richmond, Peter A"]
[Black "McGowan, Daniel"]
[Result "1-0"]
[WhiteElo "2240"]
[BlackElo "2003"]
[PlyCount "81"]
[EventDate "2002.03.23"]

1. e4 e6 2. d4 d5 3. Nc3 Bb4 4. e5 c5 5. Bd2 Ne7 6. Nb5 Bxd2+ 7. Qxd2 O-O 8. f4
cxd4 9. Nf3 Nbc6 10. Nbxd4 Nxd4 11. Nxd4 Nc6 12. c3 Nxd4 13. Qxd4 f6 14. g3
fxe5 15. Qxe5 Qf6 16. Qxf6 Rxf6 17. O-O-O Bd7 18. Bg2 Bc6 19. Rd2 Rc8 20. Kd1
Be8 21. Re1 Bh5+ 22. Kc1 Bf7 23. Re5 Kf8 24. Kd1 Rc5 25. Ke1 Bg6 26. Kf2 Bf5
27. Bf3 Rc4 28. Ke3 h6 29. Rd4 Rxd4 30. Kxd4 Bb1 31. Bg4 Ke7 32. a3 Kd6 33. b4
Bf5 34. Bf3 g5 35. fxg5 hxg5 36. c4 Bd3 37. c5+ Kd7 38. Bxd5 exd5 39. Kxd3 Rf3+
40. Kd4 Rxa3 41. Rxd5+ 1-0

[Event "4NCL/Div2/SLO2-SWD"]
[Site "Rd-7 Birmingham"]
[Date "2002.03.23"]
[Round "7.7"]
[White "Chevannes, Sabrina"]
[Black "Morris, Charles F"]
[Result "1/2-1/2"]
[WhiteElo "1824"]
[BlackElo "2253"]
[PlyCount "34"]
[EventDate "2002.03.23"]

1. d4 e6 2. Nf3 d5 3. Bg5 Be7 4. Bxe7 Qxe7 5. c3 Nf6 6. Nbd2 O-O 7. e3 Nbd7 8.
Bd3 e5 9. dxe5 Nxe5 10. Nxe5 Qxe5 11. O-O c5 12. Re1 Rd8 13. Qc2 Be6 14. Nf3
Qh5 15. Rad1 Rd7 16. Be2 Rad8 17. h3 b6 1/2-1/2

[Event "4NCL/Div2/SLO2-SWD"]
[Site "Rd-7 Birmingham"]
[Date "2002.03.23"]
[Round "7.8"]
[White "Cast, Abigail"]
[Black "Johnson, Nigel A"]
[Result "1-0"]
[WhiteElo "2107"]
[BlackElo "1672"]
[PlyCount "33"]
[EventDate "2002.03.23"]

1. d4 d6 2. Nf3 Nc6 3. Bg5 h6 4. Bh4 Nf6 5. e3 Bg4 6. Nbd2 g5 7. Bg3 Bg7 8. Be2
O-O 9. h4 Nh7 10. hxg5 hxg5 11. Rxh7 Bxf3 12. Rxg7+ Kxg7 13. Nxf3 e6 14. d5 Nb8
15. dxe6 fxe6 16. Qd4+ Qf6 17. Nxg5 1-0

[Event "4NCL/Div2/BG3-KH"]
[Site "Rd-7 Birmingham"]
[Date "2002.03.23"]
[Round "7.1"]
[White "Cafferty, Bernard"]
[Black "Berry, Stephen H"]
[Result "1/2-1/2"]
[WhiteElo "2164"]
[BlackElo "2309"]
[PlyCount "65"]
[EventDate "2002.03.23"]

1. c4 d6 2. d4 Nf6 3. Nc3 Nbd7 4. e4 e5 5. Nf3 Be7 6. Be2 O-O 7. O-O c6 8. Re1
a6 9. d5 cxd5 10. cxd5 b5 11. a3 Nb6 12. b3 Bd7 13. Bd3 Qb8 14. Bd2 Rc8 15. Qe2
Qb7 16. Rec1 Be8 17. a4 b4 18. Nd1 Rxc1 19. Rxc1 Nbd7 20. Rc4 a5 21. Ne3 g6 22.
g3 Bf8 23. Rc6 Nb6 24. Rc1 Nfd7 25. Nc4 Nxc4 26. Bxc4 Nc5 27. Ne1 Bd7 28. f3
Be7 29. Be3 Rc8 30. Nd3 Nxd3 31. Qxd3 Bd8 32. Kg2 Qb8 33. Qd2 1/2-1/2

[Event "4NCL/Div2/BG3-KH"]
[Site "Rd-7 Birmingham"]
[Date "2002.03.23"]
[Round "7.2"]
[White "McMichael, Richard"]
[Black "Anderton, David W"]
[Result "1/2-1/2"]
[WhiteElo "2265"]
[BlackElo "2230"]
[PlyCount "95"]
[EventDate "2002.03.23"]

1. b3 e5 2. Bb2 Nc6 3. e3 d6 4. c4 Nf6 5. Nf3 Be7 6. Be2 O-O 7. Nc3 Re8 8. d4
Bg4 9. d5 Nb8 10. h3 Bxf3 11. Bxf3 Nbd7 12. g4 Rf8 13. Qc2 a5 14. O-O-O Nc5 15.
h4 a4 16. b4 a3 17. Ba1 e4 18. Be2 Na6 19. Qb3 c5 20. dxc6 bxc6 21. g5 Ne8 22.
Nxe4 Qb8 23. b5 cxb5 24. cxb5 Nc5 25. Nxc5 Qc7 26. Kd2 dxc5 27. Ke1 Nd6 28. Rg1
Rfd8 29. b6 Qc6 30. g6 hxg6 31. Rxg6 Bf8 32. Bc4 Qh1+ 33. Ke2 Qxh4 34. Rdxd6
Qh5+ 35. Ke1 Qh1+ 36. Ke2 Qh5+ 37. Kf1 Rxd6 38. Bxf7+ Kh8 39. Rxd6 Qh3+ 40. Ke1
Bxd6 41. Qd5 Rf8 42. Be5 Bxe5 43. Qxe5 Qh1+ 44. Ke2 Rd8 45. Bb3 c4 46. Bc2 c3
47. Qxc3 Qh5+ 48. Ke1 1/2-1/2

[Event "4NCL/Div2/BG3-KH"]
[Site "Rd-7 Birmingham"]
[Date "2002.03.23"]
[Round "7.3"]
[White "Lock, Gavin R"]
[Black "Thomas, Richard H"]
[Result "1/2-1/2"]
[WhiteElo "2142"]
[BlackElo "2230"]
[PlyCount "60"]
[EventDate "2002.03.23"]

1. d4 d5 2. c4 c6 3. Nf3 Nf6 4. e3 e6 5. Bd3 Bd6 6. O-O O-O 7. b3 Nbd7 8. Bb2
Ne4 9. Nbd2 f5 10. a4 Rf6 11. Ne5 Rh6 12. f4 Ndf6 13. Rf3 Bd7 14. Ba3 Bxa3 15.
Rxa3 Be8 16. Qc2 Qe7 17. c5 Kh8 18. b4 a6 19. Ra2 Ng4 20. h3 Nxe5 21. dxe5 Bh5
22. Bxe4 fxe4 23. Rf1 Be2 24. Rf2 Bd3 25. Qb2 Rf8 26. Nb3 Kg8 27. Nd4 Rg6 28.
Qc1 h5 29. Kh2 h4 30. Rab2 Rc8 1/2-1/2

[Event "4NCL/Div2/BG3-KH"]
[Site "Rd-7 Birmingham"]
[Date "2002.03.23"]
[Round "7.4"]
[White "Kwiatkowski, Feliks J"]
[Black "Gunter, David WW"]
[Result "1-0"]
[WhiteElo "2213"]
[BlackElo "2140"]
[PlyCount "101"]
[EventDate "2002.03.23"]

1. e4 e6 2. d4 d5 3. Nd2 c5 4. Ngf3 cxd4 5. exd5 Qxd5 6. Bc4 Qd6 7. O-O Nf6 8.
Nb3 Nc6 9. Nbxd4 Nxd4 10. Nxd4 Bd7 11. c3 Qc7 12. Qe2 Bd6 13. h3 O-O 14. Bg5
Rac8 15. Bd3 Nd5 16. Be4 a6 17. Rfe1 Be7 18. Bd2 Bf6 19. Qh5 g6 20. Qf3 Bg7 21.
Bxd5 exd5 22. Qxd5 Bc6 23. Nxc6 bxc6 24. Qc4 Qb7 25. b3 Qb5 26. Qe2 Rcd8 27.
Rac1 Rd7 28. c4 Qf5 29. Be3 Re8 30. Rcd1 Rde7 31. Qd3 Qa5 32. Re2 Be5 33. Rc2
Bb8 34. c5 Qc7 35. Qd6 Qc8 36. Qf6 Re6 37. Qf3 Qc7 38. g3 Qe7 39. Rcd2 Qf8 40.
Kg2 Bc7 41. Rd7 R8e7 42. R1d3 Qe8 43. R7d4 Qf8 44. Bg5 Re8 45. Rd7 Be5 46. b4
Bb8 47. Bf6 Rc8 48. Rb7 a5 49. a3 axb4 50. axb4 Rce8 51. Rdd7 1-0

[Event "4NCL/Div2/BG3-KH"]
[Site "Rd-7 Birmingham"]
[Date "2002.03.23"]
[Round "7.5"]
[White "Wheeler, Darren P"]
[Black "Mackenzie, Colin"]
[Result "1-0"]
[WhiteElo "2120"]
[BlackElo "2164"]
[PlyCount "45"]
[EventDate "2002.03.23"]

1. e4 e6 2. d4 d5 3. Nc3 Bb4 4. e5 c5 5. a3 Bxc3+ 6. bxc3 Qc7 7. Nf3 Ne7 8. a4
b6 9. Bb5+ Bd7 10. Be2 Nbc6 11. O-O h6 12. Re1 O-O 13. Bf1 Rfe8 14. dxc5 bxc5
15. c4 dxc4 16. Re4 Nd5 17. Qe1 Qa5 18. c3 Nce7 19. Rxc4 Bc6 20. Ba3 Nb6 21.
Rxc5 Qxa4 22. Nd4 Bd5 23. Bb5 1-0

[Event "4NCL/Div2/BG3-KH"]
[Site "Rd-7 Birmingham"]
[Date "2002.03.23"]
[Round "7.6"]
[White "Okike, David C"]
[Black "Howell, Christopher I"]
[Result "0-1"]
[WhiteElo "2149"]
[BlackElo "2160"]
[PlyCount "74"]
[EventDate "2002.03.23"]

1. e4 c5 2. Nf3 Nc6 3. d4 cxd4 4. Nxd4 Nf6 5. Nc3 e5 6. Ndb5 d6 7. Bg5 a6 8.
Na3 b5 9. Bxf6 gxf6 10. Nd5 Bg7 11. c3 f5 12. Nc2 Rb8 13. exf5 Bxf5 14. Nce3
Be6 15. a4 O-O 16. axb5 axb5 17. Ra6 Ne7 18. Rxd6 Qxd6 19. Nf6+ Bxf6 20. Qxd6
Rfd8 21. Qb4 Ra8 22. f4 Ra1+ 23. Ke2 Ra4 24. Qxb5 Re4 25. Kf3 Rxf4+ 26. Ke2 Re4
27. Kf3 Rf4+ 28. Ke2 Nf5 29. g4 Nxe3 30. Kxe3 Bg5 31. h4 Rxf1+ 32. hxg5 Rxh1
33. c4 Re1+ 34. Kf2 Re4 35. b3 Bxg4 36. Qb6 Rd2+ 37. Kg3 Rd3+ 0-1

[Event "4NCL/Div2/BG3-KH"]
[Site "Rd-7 Birmingham"]
[Date "2002.03.23"]
[Round "7.7"]
[White "Spanton, Timothy"]
[Black "Gilfillan, Andrew"]
[Result "0-1"]
[WhiteElo "2015"]
[BlackElo "2024"]
[PlyCount "72"]
[EventDate "2002.03.23"]

1. c4 e5 2. g3 Nf6 3. Bg2 Nc6 4. Nc3 Bc5 5. e3 O-O 6. Nge2 Re8 7. O-O d6 8. d4
Bb6 9. h3 Bf5 10. Nd5 exd4 11. Nxb6 axb6 12. Nxd4 Be4 13. b3 d5 14. cxd5 Qxd5
15. Bxe4 Nxe4 16. Nxc6 Qxc6 17. Bb2 Ng5 18. Rc1 Nxh3+ 19. Kh2 Qh6 20. Kg2 Rxa2
21. Qd7 Qe6 22. Qd4 f6 23. Rxc7 Ng5 24. Rh1 Rxb2 25. Qxb2 Qd5+ 26. Kh2 Nf3+ 27.
Kh3 Re5 28. g4 Ng5+ 29. Kh2 Nf3+ 30. Kg3 Ng5 31. Qe2 Qxh1 32. Rc8+ Kf7 33. Qc4+
Rd5 34. Qc7+ Kg6 35. Qc2+ Kh6 36. f4 Ne4+ 0-1

[Event "4NCL/Div2/BG3-KH"]
[Site "Rd-7 Birmingham"]
[Date "2002.03.23"]
[Round "7.8"]
[White "Cox, Selena"]
[Black "Howell, Susan C"]
[Result "1/2-1/2"]
[WhiteElo "1504"]
[BlackElo "1736"]
[PlyCount "61"]
[EventDate "2002.03.23"]

1. d4 e6 2. Nf3 c5 3. c3 d5 4. Bg5 Nf6 5. Nbd2 cxd4 6. cxd4 Be7 7. e3 h6 8. Bh4
O-O 9. Bd3 Nc6 10. a3 a5 11. O-O Bd7 12. h3 Rc8 13. Bg3 Qb6 14. Rb1 Na7 15. Ne5
Bb5 16. Ndf3 Rfd8 17. Re1 Ne4 18. Bxe4 dxe4 19. Nd2 f5 20. Qh5 Be8 21. Qe2 Nc6
22. Ndc4 Qa6 23. Qd2 Nxe5 24. Nxe5 b5 25. Qe2 Qb7 26. Rbc1 b4 27. axb4 Bxb4 28.
Red1 Ba4 29. Rxc8 Rxc8 30. Ra1 Be8 31. Qd1 1/2-1/2

[Event "4NCL/Div2/ATH-NWE"]
[Site "Rd-7 Birmingham"]
[Date "2002.03.23"]
[Round "7.1"]
[White "Orr, Mark JL"]
[Black "Shaw, John"]
[Result "0-1"]
[WhiteElo "2328"]
[BlackElo "2506"]
[PlyCount "46"]
[EventDate "2002.03.23"]

1. d4 d5 2. c4 c6 3. Nf3 Nf6 4. e3 Bg4 5. Qb3 Qb6 6. Ne5 Bf5 7. Nc3 e6 8. c5
Qc7 9. Qa4 Nbd7 10. Nxd7 Nxd7 11. b4 Be7 12. Qd1 e5 13. Bd3 Bxd3 14. Qxd3 O-O
15. O-O e4 16. Qe2 a6 17. Bd2 f5 18. f3 exf3 19. Rxf3 g6 20. g4 fxg4 21. Rxf8+
Rxf8 22. Qxg4 Rf5 23. Kh1 Rf2 0-1

[Event "4NCL/Div2/ATH-NWE"]
[Site "Rd-7 Birmingham"]
[Date "2002.03.23"]
[Round "7.2"]
[White "Haslinger, Stewart"]
[Black "Spreeuw, Jaap"]
[Result "1/2-1/2"]
[WhiteElo "2294"]
[BlackElo "2316"]
[PlyCount "70"]
[EventDate "2002.03.23"]

1. e4 c5 2. Nf3 Nc6 3. Nc3 d6 4. d4 cxd4 5. Nxd4 Nf6 6. Bg5 e6 7. Qd2 a6 8.
O-O-O h6 9. Be3 Be7 10. f3 Nxd4 11. Bxd4 e5 12. Be3 Be6 13. Kb1 Rc8 14. Rg1 Qa5
15. Nd5 Qxd2 16. Nxf6+ gxf6 17. Bxd2 f5 18. exf5 Bxf5 19. Bd3 Be6 20. Rge1 f5
21. g4 fxg4 22. f4 Bh4 23. Re2 Bc4 24. Bb4 Bxd3 25. cxd3 Kd7 26. fxe5 dxe5 27.
d4 e4 28. Rxe4 h5 29. Rf4 Rh7 30. Rg1 Be7 31. Bxe7 Rxe7 32. Rf5 Rc4 33. Rxh5
Rxd4 34. Rh4 Re2 35. Rhxg4 Rxg4 1/2-1/2

[Event "4NCL/Div2/ATH-NWE"]
[Site "Rd-7 Birmingham"]
[Date "2002.03.23"]
[Round "7.3"]
[White "Wade, Robert G"]
[Black "Kennaugh, Charles W"]
[Result "0-1"]
[WhiteElo "2224"]
[BlackElo "2255"]
[PlyCount "70"]
[EventDate "2002.03.23"]

1. d4 d5 2. Nc3 Bf5 3. Bf4 e6 4. e3 Nf6 5. Bd3 Bb4 6. Nge2 O-O 7. a3 Bd6 8. Bg5
Bxd3 9. Qxd3 h6 10. Bh4 Be7 11. O-O Nbd7 12. f4 c6 13. Bxf6 Bxf6 14. e4 dxe4
15. Nxe4 Qb6 16. b4 Rfd8 17. c3 a5 18. Rab1 axb4 19. Rxb4 Qc7 20. f5 exf5 21.
Rxf5 Be7 22. Rb3 Rxa3 23. Qc4 Ra1+ 24. Kf2 Nf6 25. Nxf6+ Bxf6 26. Ng3 Re8 27.
Rb2 Rae1 28. Ra2 Bh4 29. Qd3 Qe7 30. Rf3 f5 31. Qd2 f4 32. Rxf4 Bg5 33. Nf5 Qc7
34. g3 Bxf4 35. gxf4 R1e2+ 0-1

[Event "4NCL/Div2/ATH-NWE"]
[Site "Rd-7 Birmingham"]
[Date "2002.03.23"]
[Round "7.4"]
[White "Lund, D Brett"]
[Black "Stevenson, James AB"]
[Result "1/2-1/2"]
[WhiteElo "2283"]
[BlackElo "2151"]
[PlyCount "105"]
[EventDate "2002.03.23"]

1. c4 Nf6 2. g3 g6 3. Bg2 d5 4. cxd5 Nxd5 5. Nc3 Nb6 6. a4 a5 7. h4 h6 8. d4
Bg7 9. Nf3 Nc6 10. Nb5 Bf5 11. d5 Nb4 12. Nfd4 Bg4 13. Nc2 O-O 14. Nxb4 axb4
15. Qb3 Qd7 16. f3 c6 17. fxg4 cxb5 18. g5 Qg4 19. Bf4 Qd7 20. gxh6 Bf6 21. e4
Nc4 22. Bh3 Qd8 23. Qxb4 Qa5 24. Qxa5 Rxa5 25. Rb1 bxa4 26. Rh2 b5 27. Bf1 Ne5
28. Rc2 b4 29. Be2 Rfa8 30. Bd2 Rb8 31. Rc7 Raa8 32. Kd1 a3 33. bxa3 bxa3 34.
Rxb8+ Rxb8 35. Ra7 Rb3 36. g4 Bxh4 37. Bc1 Nd3 38. Bxa3 Nf2+ 39. Kc2 Re3 40.
Bc4 Rxe4 41. Bd3 Rxg4 42. d6 exd6 43. Bb2 f6 44. Rg7+ Kh8 45. Rxg6 Rxg6 46.
Bxg6 Ng4 47. h7 Kg7 48. Kb3 Ne5 49. Be4 Nd7 50. Kc4 Nf8 51. Kd5 Nxh7 52. Bxh7
Kxh7 53. Bxf6 1/2-1/2

[Event "4NCL/Div2/ATH-NWE"]
[Site "Rd-7 Birmingham"]
[Date "2002.03.23"]
[Round "7.5"]
[White "Quinn, John M"]
[Black "Charleshouse, Glenn L"]
[Result "1/2-1/2"]
[WhiteElo "2174"]
[BlackElo "2309"]
[PlyCount "78"]
[EventDate "2002.03.23"]

1. d4 Nf6 2. c4 e6 3. Nc3 Bb4 4. Qc2 O-O 5. Bg5 c5 6. e3 b6 7. Bd3 h6 8. Bh4
Bb7 9. Nge2 cxd4 10. Nxd4 Be7 11. f3 Na6 12. a3 Nc5 13. Be2 d6 14. O-O Rc8 15.
Rfd1 a6 16. Rac1 Qc7 17. b4 Ncd7 18. Qb3 Rfe8 19. Bf2 Bf8 20. Nb1 Qb8 21. Nd2
Qa8 22. Bf1 d5 23. cxd5 exd5 24. Qb1 g6 25. Rxc8 Rxc8 26. Rc1 a5 27. Rxc8 Bxc8
28. Qb2 axb4 29. axb4 Qa4 30. b5 Nc5 31. Nc6 Nfd7 32. Qd4 Qxd4 33. exd4 Ne6 34.
Nb1 Nf6 35. Nc3 Bb7 36. Na4 Nd7 37. Nc3 Nf6 38. Na4 Nd7 39. Nc3 Nf6 1/2-1/2

[Event "4NCL/Div2/ATH-NWE"]
[Site "Rd-7 Birmingham"]
[Date "2002.03.23"]
[Round "7.6"]
[White "Quillan, Gary"]
[Black "Spivack, Simon"]
[Result "1-0"]
[WhiteElo "2319"]
[BlackElo "2182"]
[PlyCount "53"]
[EventDate "2002.03.23"]

1. e4 e5 2. Nf3 Nc6 3. Bb5 a6 4. Ba4 Nf6 5. O-O Be7 6. Re1 b5 7. Bb3 d6 8. c3
O-O 9. d4 Bg4 10. d5 Na5 11. Bc2 c6 12. h3 Bxf3 13. Qxf3 cxd5 14. exd5 Nc4 15.
Nd2 Nb6 16. Nf1 Nbxd5 17. Ng3 g6 18. Bh6 Re8 19. Rad1 Nc7 20. Nf5 Ne6 21. Rxe5
Kh8 22. Nxd6 Bxd6 23. Rxd6 Qe7 24. Bb3 Ng8 25. Rdxe6 fxe6 26. Rxe6 Qd7 27. Be3
1-0

[Event "4NCL/Div2/ATH-NWE"]
[Site "Rd-7 Birmingham"]
[Date "2002.03.23"]
[Round "7.7"]
[White "Milligan, Helen"]
[Black "Hague, Ben"]
[Result "0-1"]
[WhiteElo "2130"]
[BlackElo "2219"]
[PlyCount "76"]
[EventDate "2002.03.23"]

1. e4 g6 2. d4 Bg7 3. Nf3 c6 4. Be2 d5 5. Nbd2 Bg4 6. c3 Nd7 7. O-O dxe4 8.
Nxe4 Ngf6 9. Nxf6+ Nxf6 10. Bf4 O-O 11. Qd2 Qb6 12. Ne5 Bxe2 13. Qxe2 Rad8 14.
Rad1 Nd7 15. Nxd7 Rxd7 16. Rd2 Qa5 17. b4 Qf5 18. Be3 Rfd8 19. Rfd1 e5 20. h3
exd4 21. cxd4 Qe6 22. b5 Bxd4 23. Bxd4 Qxe2 24. Rxe2 Rxd4 25. Rxd4 Rxd4 26.
bxc6 bxc6 27. Rc2 Rd6 28. g3 Kf8 29. Rc4 Ke7 30. Re4+ Kd8 31. Ra4 Rd7 32. Ra5
Kc8 33. h4 Kb7 34. Ra3 c5 35. Rc3 Kb6 36. Rc2 Kb5 37. Kf1 Re7 38. Kg2 c4 0-1

[Event "4NCL/Div2/ATH-NWE"]
[Site "Rd-7 Birmingham"]
[Date "2002.03.23"]
[Round "7.8"]
[White "Summerscale, Claire E"]
[Black "McKeown, Paul"]
[Result "0-1"]
[WhiteElo "2031"]
[BlackElo "2075"]
[PlyCount "68"]
[EventDate "2002.03.23"]

1. d4 d5 2. Nc3 Nf6 3. Bg5 e6 4. e4 Be7 5. e5 Nfd7 6. Bxe7 Qxe7 7. f4 O-O 8.
Nf3 c5 9. Nb5 a6 10. Nd6 cxd4 11. Nxd4 Nc6 12. c3 f6 13. Qg4 Nc5 14. b4 Ne4 15.
Nxc6 bxc6 16. Nxe4 dxe4 17. Bc4 Kh8 18. Rd1 Qa7 19. Qe2 c5 20. Rd6 cxb4 21.
cxb4 fxe5 22. fxe5 a5 23. b5 Qc5 24. Rf1 Bb7 25. Kd1 Qxe5 26. Rxf8+ Rxf8 27.
Rxe6 Qd4+ 28. Kc2 Rc8 29. Kb1 Qc3 30. Qf1 Qb4+ 31. Ka1 h6 32. Bb3 a4 33. Rb6
axb3 34. Qb1 Qd4+ 0-1

[Event "4NCL/Div2/RIC-3CS"]
[Site "Rd-7 Birmingham"]
[Date "2002.03.23"]
[Round "7.1"]
[White "Quinn, Mark"]
[Black "Clarke, Stuart"]
[Result "1-0"]
[WhiteElo "2423"]
[BlackElo "2290"]
[PlyCount "77"]
[EventDate "2002.03.23"]

1. Nf3 Nf6 2. c4 e6 3. d4 d5 4. g3 Be7 5. Bg2 O-O 6. O-O dxc4 7. Qc2 a6 8. a4
Nbd7 9. Nbd2 Nb6 10. a5 Nbd5 11. Nxc4 b5 12. axb6 cxb6 13. e4 Nb4 14. Qe2 Bb7
15. Nfe5 Rc8 16. Rd1 b5 17. Na5 Ba8 18. Nb3 Qb6 19. Bf4 Rc2 20. Rd2 Rfc8 21.
Rad1 h6 22. Ng4 Rxd2 23. Rxd2 a5 24. Nxf6+ Bxf6 25. Be3 a4 26. Nc5 Be7 27. h4
Nc6 28. Qg4 Kh8 29. Bf1 Rd8 30. Qh5 Kg8 31. Nd3 Qb7 32. Nf4 Bb4 33. Rd1 e5 34.
dxe5 Rxd1 35. Qxd1 Nxe5 36. Qd8+ Kh7 37. Nd5 Qc6 38. Nxb4 Qxe4 39. Bd3 1-0

[Event "4NCL/Div2/RIC-3CS"]
[Site "Rd-7 Birmingham"]
[Date "2002.03.23"]
[Round "7.2"]
[White "Walton, Alan J"]
[Black "Wall, Gavin"]
[Result "1/2-1/2"]
[WhiteElo "2205"]
[BlackElo "2378"]
[PlyCount "53"]
[EventDate "2002.03.23"]

1. d4 f5 2. Bg5 g6 3. Nc3 Nh6 4. e4 fxe4 5. f3 Nf7 6. Be3 exf3 7. Nxf3 d5 8.
Qd2 Nc6 9. Bb5 Bg4 10. O-O Bg7 11. Ng5 O-O 12. Bxc6 bxc6 13. Rxf7 Rxf7 14. h3
Bf5 15. g4 Bc8 16. Nxf7 Kxf7 17. Na4 Kg8 18. Re1 e5 19. Bg5 Qd6 20. dxe5 Bxe5
21. Qe2 Bd4+ 22. Kg2 Bd7 23. Be7 Qf4 24. c3 Bb6 25. Nc5 Bxc5 26. Bxc5 Re8 27.
Qf2 1/2-1/2

[Event "4NCL/Div2/RIC-3CS"]
[Site "Rd-7 Birmingham"]
[Date "2002.03.23"]
[Round "7.3"]
[White "Bates, Richard A"]
[Black "Longson, Alan"]
[Result "1-0"]
[WhiteElo "2358"]
[BlackElo "2167"]
[PlyCount "55"]
[EventDate "2002.03.23"]

1. d4 Nf6 2. Nf3 d6 3. c4 Nbd7 4. Nc3 e5 5. Bg5 Be7 6. Qc2 Ng4 7. h3 Nh2 8.
Rxh2 Bxg5 9. e3 exd4 10. Nxd4 Nc5 11. O-O-O O-O 12. g4 g6 13. Be2 Ne6 14. Nxe6
fxe6 15. Ne4 Bh6 16. h4 Qe7 17. g5 Bg7 18. h5 d5 19. Nf6+ Rxf6 20. gxf6 Qxf6
21. hxg6 h6 22. Bg4 dxc4 23. f4 b5 24. Qe4 Rb8 25. Qc6 Qe7 26. Rhd2 Rb6 27.
Rd8+ Bf8 28. Qe8 1-0

[Event "4NCL/Div2/RIC-3CS"]
[Site "Rd-7 Birmingham"]
[Date "2002.03.23"]
[Round "7.4"]
[White "Taylor, Robert M"]
[Black "Hinks-Edwards, Thomas"]
[Result "0-1"]
[WhiteElo "2153"]
[BlackElo "2322"]
[PlyCount "76"]
[EventDate "2002.03.23"]

1. e4 c6 2. d4 d5 3. e5 Bf5 4. Ne2 e6 5. Ng3 Bg6 6. h4 h6 7. h5 Bh7 8. Bd3 Bxd3
9. cxd3 Ne7 10. O-O Nd7 11. f4 Qb6 12. Be3 Qxb2 13. Nd2 Qa3 14. Nb3 f5 15. Qc2
Nc8 16. Nc5 Bxc5 17. dxc5 Ne7 18. Rfb1 Rb8 19. Rb3 Qa6 20. Qb2 b6 21. Rb1 O-O
22. cxb6 axb6 23. Bxb6 Nxb6 24. Rxb6 Rxb6 25. Qxb6 Qxd3 26. Rb3 Qc4 27. Qa7 Kf7
28. Rb7 Re8 29. Qe3 Qxa2 30. Ne2 c5 31. Nc3 d4 32. Nxa2 dxe3 33. Nc3 Kf8 34.
Kf1 Nd5 35. Nxd5 exd5 36. Ke2 d4 37. Rc7 Ra8 38. Rxc5 Ra2+ 0-1

[Event "4NCL/Div2/RIC-3CS"]
[Site "Rd-7 Birmingham"]
[Date "2002.03.23"]
[Round "7.5"]
[White "Webb, Laurence E"]
[Black "Ashton, Adam G"]
[Result "1/2-1/2"]
[WhiteElo "2239"]
[BlackElo "2146"]
[PlyCount "81"]
[EventDate "2002.03.23"]

1. e4 e5 2. Nf3 Nc6 3. d4 exd4 4. Bc4 Nf6 5. e5 d5 6. Bb5 Ne4 7. Nxd4 Bd7 8.
Bxc6 bxc6 9. O-O Bc5 10. f3 Ng5 11. Be3 Bb6 12. f4 Ne4 13. Nc3 Nxc3 14. bxc3
Qe7 15. Qf3 O-O 16. Qg3 f6 17. Rae1 fxe5 18. fxe5 Rxf1+ 19. Rxf1 Re8 20. e6
Bxe6 21. Nxc6 Qd6 22. Bxb6 Qxg3 23. hxg3 axb6 24. Re1 Kf7 25. Rf1+ Kg8 26. Re1
g6 27. g4 Kg7 28. g5 Bd7 29. Rxe8 Bxe8 30. Ne5 h6 31. gxh6+ Kxh6 32. Kf2 Kg5
33. Ke3 c5 34. g3 Kf5 35. Nf3 g5 36. a3 Ba4 37. Ne1 Kg4 38. Kf2 Kf5 39. Ke3 Be8
40. Nd3 Ba4 41. Ne1 1/2-1/2

[Event "4NCL/Div2/RIC-3CS"]
[Site "Rd-7 Birmingham"]
[Date "2002.03.23"]
[Round "7.6"]
[White "Bentley, John L"]
[Black "Franklin, Michael J"]
[Result "0-1"]
[WhiteElo "2147"]
[BlackElo "2233"]
[PlyCount "50"]
[EventDate "2002.03.23"]

1. d4 Nf6 2. c4 e6 3. Nc3 Bb4 4. Qc2 Nc6 5. Nf3 d6 6. Bd2 Qe7 7. a3 Bxc3 8.
Bxc3 e5 9. dxe5 Nxe5 10. Nxe5 dxe5 11. g3 O-O 12. Bg2 Re8 13. O-O c6 14. Rad1
Qe6 15. b3 Qf5 16. e4 Qh5 17. f3 Bh3 18. Rd6 Bxg2 19. Kxg2 h6 20. Rfd1 Nh7 21.
Bd2 f5 22. exf5 e4 23. fxe4 Qe2+ 24. Kg1 Ng5 25. Rf1 Nh3+ 0-1